| 000 | 01364nam a2200325 a 4500 | ||
|---|---|---|---|
| 001 | ebr10657896 | ||
| 003 | CaPaEBR | ||
| 006 | m u | ||
| 007 | cr cn||||||||| | ||
| 008 | 120822s2013 nju sb 001 0 eng d | ||
| 010 | _z 2012030193 | ||
| 020 | _z9781118457399 (pbk.) | ||
| 020 | _z9781118506684 (e-book) | ||
| 040 |
_aCaPaEBR _cCaPaEBR |
||
| 035 | _a(OCoLC)842860095 | ||
| 050 | 1 | 4 |
_aBF503 _b.H36 2013eb |
| 082 | 0 | 4 |
_a158 _223 |
| 100 | 1 |
_aHanna, Heidi, _d1974- |
|
| 245 | 1 | 4 |
_aThe sharp solution _h[electronic resource] : _ba brain-based approach for optimal performance / _cHeidi Hanna. |
| 260 |
_aHoboken, N.J. : _bWiley, _cc2013. |
||
| 300 | _axvii, 190 p. | ||
| 504 | _aIncludes bibliographical references and index. | ||
| 505 | 0 | _aUnderstand your operating system -- Balance your brain -- Engage your heart -- Focus your mind -- Engage your body -- Strengthen your community -- The sharp solution plan. | |
| 533 |
_aElectronic reproduction. _bPalo Alto, Calif. : _cebrary, _d2013. _nAvailable via World Wide Web. _nAccess may be limited to ebrary affiliated libraries. |
||
| 650 | 0 | _aAchievement motivation. | |
| 650 | 0 | _aBrain. | |
| 655 | 7 |
_aElectronic books. _2local |
|
| 710 | 2 | _aebrary, Inc. | |
| 856 | 4 | 0 |
_uhttp://site.ebrary.com/lib/rucke/Doc?id=10657896 _zAn electronic book accessible through the World Wide Web; click to view |
| 999 |
_c64917 _d64917 |
||